| 000 | 00463 a2200157 4500 | ||
|---|---|---|---|
| 003 | Nust | ||
| 005 | 20170207154214.0 | ||
| 040 | _cNust | ||
| 082 | _a378.4 | ||
| 245 |
_aSt Mary,s College _bA College of the Uni of Surrey |
||
| 260 |
_aSurrey _b College of the Uni of Surrey _c2001-02 |
||
| 300 | _a92 p. | ||
| 505 | _aIntroduction (Page-6) Academic Programmes (Page-28) Further Information (Page-85) | ||
| 538 | _aAlmirah No. 117 Shelf No. 2 | ||
| 650 | _aUG Prospectus | ||
| 942 |
_2ddc _cBK |
||
| 999 |
_c195013 _d195013 |
||